[Event "CZE-chT2A 1516"]
[Site "Czech Republic"]
[Date "2015.12.06"]
[Round "4.4"]
[White "Kaderavek, Jan"]
[Black "Cesal, Jaroslav"]
[Result "1/2-1/2"]
[WhiteElo "2132"]
[BlackElo "2200"]
[PlyCount "161"]
[EventDate "2015.10.18"]
[EventType "team-tourn"]
[EventRounds "11"]
[EventCountry "CZE"]
[SourceTitle "EXT 2022"]
[Source "ChessBase"]
[SourceDate "2021.10.06"]
[SourceVersion "1"]
[SourceVersionDate "2021.10.06"]
[SourceQuality "1"]
[WhiteTeam "Plzen Kosutka"]
[BlackTeam "Kozolupy"]
[WhiteTeamCountry "CZE"]
[BlackTeamCountry "CZE"]

1. d4 d5 2. f4 c5 3. e3 Nc6 4. Nf3 g6 5. c3 Qb6 6. Bd3 Bg7 7. 0-0 Bg4 8. h3 Bxf3 9. Qxf3 Nf6 10. Nd2 e6 11. Rb1 a5 12. b3 cxd4 13. exd4 0-0 14. Ba3 Rfe8 15. g4 e5 16. Bc5 Qc7 17. fxe5 Nxe5 18. Qf4 g5 19. Qg3 Qc6 20. a4 Nxd3 21. Qxd3 b6 22. Ba3 Ne4 23. Nxe4 Rxe4 24. Rf3 Rae8 25. Rbf1 Qg6 26. Bc1 h6 27. Rf5 Re1 28. Bd2 R1e2 29. R1f2 Rxf2 30. Kxf2 Re4 31. Kg2 Qe6 32. Rf3 Bf8 33. Re3 f5 34. gxf5 Qxf5 35. Rf3 Qe6 36. Re3 Kg7 37. c4 Bd6 38. cxd5 Rxe3 39. Qxe3 Qxd5+ 40. Qf3 Qe6 41. d5 Qf6 42. Qd3 Qb2 43. Kf3 Qf6+ 44. Kg2 Kf8 45. Qc4 Bc5 46. Be1 Qb2+ 47. Kf1 Qe5 48. Qd3 Qf6+ 49. Kg2 Ke7 50. Bg3 Kd8 51. d6 Qe6 52. Qf3 Bxd6 53. Qa8+ Ke7 54. Qb7+ Kf8 55. Bxd6+ Qxd6 56. Qc8+ Ke7 57. Qc3 Qd5+ 58. Kg3 Qd6+ 59. Kg2 Kd7 60. Qg7+ Kc8 61. Qg8+ Kb7 62. Qf7+ Qc7 63. Qg8 Qd7 64. Kg3 Ka7 65. Qc4 h5 66. Qg8 h4+ 67. Kg2 Qd2+ 68. Kf3 Qf4+ 69. Ke2 Qh2+ 70. Kd1 Qxh3 71. Qf7+ Kb8 72. Qg8+ Kc7 73. Qc4+ Kb8 74. Qg8+ Qc8 75. Qxg5 Qd7+ 76. Ke1 Qh7 77. Kf2 Qc2+ 78. Kf1 Qxb3 79. Qd8+ Kb7 80. Qd7+ Kb8 81. Qd8+ 1/2-1/2

[Event "CZE-chT2A 1415"]
[Site "Czech Republic"]
[Date "2015.03.29"]
[Round "10.2"]
[White "Bauma, Jiri"]
[Black "Cesal, Jaroslav"]
[Result "1/2-1/2"]
[WhiteElo "2225"]
[BlackElo "2260"]
[PlyCount "104"]
[EventDate "2014.11.02"]
[EventType "team-tourn"]
[EventRounds "11"]
[EventCountry "CZE"]
[SourceTitle "EXT 2022"]
[Source "ChessBase"]
[SourceDate "2021.10.06"]
[SourceVersion "1"]
[SourceVersionDate "2021.10.06"]
[SourceQuality "1"]
[WhiteTeam "Praha Dukla"]
[BlackTeam "Kozolupy"]
[WhiteTeamCountry "CZE"]
[BlackTeamCountry "CZE"]

1. e4 g6 2. d4 Bg7 3. Nf3 d6 4. h3 Nf6 5. Nbd2 0-0 6. Bd3 Nc6 7. c3 e5 8. d5 Ne7 9. g4 c6 10. c4 Qc7 11. 0-0 Nd7 12. Nb3 f5 13. Ng5 Nf6 14. f3 h6 15. Ne6 Bxe6 16. dxe6 f4 17. c5 Rad8 18. Qc2 Kh7 19. Bd2 dxc5 20. Rfd1 b6 21. a4 a5 22. Bc3 Ne8 23. Nd2 Bf6 24. h4 Bxh4 25. Nc4 Bf6 26. g5 hxg5 27. Bf1 Rd4 28. Bxd4 cxd4 29. Bh3 Nd6 30. Rd2 Kg7 31. Rb1 c5 32. Rh2 Rh8 33. Bf1 Rh4 34. Rxh4 gxh4 35. Qb3 Nxc4 36. Bxc4 Nc6 37. Qb5 Bd8 38. Kh2 Nb4 39. Bd5 Qd6 40. Rg1 Qe7 41. Kh3 Kh6 42. Bc4 d3 43. Qd7 Qxd7 44. exd7 Kg7 45. Rd1 Nc2 46. Bxd3 Nd4 47. Kg4 Kf7 48. Rh1 Ke6 49. Bb5 Nc2 50. Rh2 Nd4 51. Rd2 Kd6 52. Rd1 Ke6 1/2-1/2

[Event "CZE-chT2A 1415"]
[Site "Czech Republic"]
[Date "2015.03.15"]
[Round "9.1"]
[White "Turner, Jan"]
[Black "Cesal, Jaroslav"]
[Result "1-0"]
[WhiteElo "2376"]
[BlackElo "2260"]
[PlyCount "131"]
[EventDate "2014.11.02"]
[EventType "team-tourn"]
[EventRounds "11"]
[EventCountry "CZE"]
[SourceTitle "EXT 2022"]
[Source "ChessBase"]
[SourceDate "2021.10.06"]
[SourceVersion "1"]
[SourceVersionDate "2021.10.06"]
[SourceQuality "1"]
[WhiteTeam "Tachov"]
[BlackTeam "Kozolupy"]
[WhiteTeamCountry "CZE"]
[BlackTeamCountry "CZE"]

1. b3 Nc6 2. Bb2 e5 3. e3 Nf6 4. Bb5 d6 5. Ne2 Be7 6. d4 exd4 7. Nxd4 Bd7 8. Bxc6 bxc6 9. Qf3 d5 10. Nf5 Bxf5 11. Qxf5 Qd7 12. Qxd7+ Nxd7 13. Ke2 Bf6 14. Bxf6 Nxf6 15. Nc3 0-0-0 16. Rhd1 Rhe8 17. Kf1 Ne4 18. Nxe4 Rxe4 19. Rd4 f5 20. Rad1 Rde8 21. Rxe4 fxe4 22. Rd4 Re5 23. Ke2 Rg5 24. Kf1 Re5 25. c4 Kb7 26. Ke2 Kb6 27. f4 exf3+ 28. gxf3 Rh5 29. h4 a5 30. Rg4 g6 31. Kd3 Rf5 32. f4 Kc5 33. a3 Rf8 34. h5 dxc4+ 35. bxc4 Rd8+ 36. Kc3 Re8 37. Rg5+ Kb6 38. hxg6 hxg6 39. Kd3 Re6 40. e4 a4 41. e5 c5 42. Ke4 c6 43. Rg1 Kc7 44. f5 gxf5+ 45. Kxf5 Rh6 46. Rg7+ Kd8 47. Ra7 Rh5+ 48. Kf6 Rh6+ 49. Kg5 Rh1 50. e6 Rf1 51. Rf7 Rc1 52. Kf6 Rf1+ 53. Ke5 Rd1 54. Ra7 Rd4 55. e7+ Ke8 56. Ke6 Re4+ 57. Kd6 Rd4+ 58. Kxc5 Rd3 59. Rxa4 Kxe7 60. Ra7+ Ke6 61. a4 Rh3 62. a5 Rh5+ 63. Kxc6 Ke5 64. Rc7 Kd4 65. a6 Kxc4 66. a7 1-0

[Event "CZE-chT2A 1415"]
[Site "Czech Republic"]
[Date "2014.12.14"]
[Round "4.2"]
[White "Eretova, Jana"]
[Black "Cesal, Jaroslav"]
[Result "1-0"]
[WhiteElo "2153"]
[BlackElo "2260"]
[PlyCount "97"]
[EventDate "2014.11.02"]
[EventType "team-tourn"]
[EventRounds "11"]
[EventCountry "CZE"]
[SourceTitle "EXT 2022"]
[Source "ChessBase"]
[SourceDate "2021.10.06"]
[SourceVersion "1"]
[SourceVersionDate "2021.10.06"]
[SourceQuality "1"]
[WhiteTeam "Klatovy"]
[BlackTeam "Kozolupy"]
[WhiteTeamCountry "CZE"]
[BlackTeamCountry "CZE"]

1. e4 g6 2. d4 Bg7 3. Nc3 d6 4. Nf3 Nf6 5. h3 c6 6. a4 0-0 7. Be2 Nbd7 8. 0-0 e5 9. dxe5 dxe5 10. Be3 Qe7 11. Nd2 Nc5 12. b4 Ne6 13. Rb1 Rd8 14. Qe1 Nd4 15. Bd3 Be6 16. Ne2 a5 17. Bxd4 exd4 18. b5 Nd7 19. Nf4 Nc5 20. Nxe6 fxe6 21. Nc4 Nxa4 22. bxc6 bxc6 23. Nxa5 Qc7 24. Nc4 Nc3 25. Ra1 Qf4 26. Rxa8 Rxa8 27. g3 Qf3 28. Nd2 Qf8 29. f4 Qe7 30. Nc4 Kh8 31. Qf2 c5 32. h4 Rf8 33. e5 Nd5 34. Qh2 Bh6 35. Be4 Qd7 36. Qd2 Rb8 37. Bd3 Qa4 38. h5 Ne7 39. hxg6 hxg6 40. g4 Kg8 41. Qh2 Bg7 42. Qh4 Qd7 43. Qg5 Rb4 44. Nd6 Rb6 45. Ra1 Rxd6 46. exd6 Qxd6 47. Bxg6 Nxg6 48. Qxg6 Qc6 49. Ra7 1-0

[Event "CZE-chT2A 1415"]
[Site "Czech Republic"]
[Date "2014.11.30"]
[Round "3.1"]
[White "Cesal, Jaroslav"]
[Black "Freisler, Pavel"]
[Result "1-0"]
[WhiteElo "2260"]
[BlackElo "2301"]
[PlyCount "55"]
[EventDate "2014.11.02"]
[EventType "team-tourn"]
[EventRounds "11"]
[EventCountry "CZE"]
[SourceTitle "EXT 2022"]
[Source "ChessBase"]
[SourceDate "2021.10.06"]
[SourceVersion "1"]
[SourceVersionDate "2021.10.06"]
[SourceQuality "1"]
[WhiteTeam "Kozolupy"]
[BlackTeam "Kladno"]
[WhiteTeamCountry "CZE"]
[BlackTeamCountry "CZE"]

1. d4 Nf6 2. Nf3 e6 3. Bg5 c5 4. c3 b6 5. e4 cxd4 6. cxd4 h6 7. Bxf6 Qxf6 8. Nc3 Bb7 9. Bd3 Bb4 10. 0-0 0-0 11. a3 Bxc3 12. bxc3 d6 13. Re1 Nd7 14. Qb3 Rfc8 15. a4 Rc7 16. Qb4 e5 17. Rad1 Rac8 18. Bb5 a5 19. Qb1 Bc6 20. Re3 Qe7 21. Qb3 Bxb5 22. axb5 Nf6 23. Nh4 Rc4 24. Nf5 Qc7 25. dxe5 Rxc3 26. Rxc3 Qxc3 27. Qxc3 Rxc3 28. exf6 1-0

[Event "CZE-chT1W 1415"]
[Site "Czech Republic"]
[Date "2014.11.11"]
[Round "2.7"]
[White "Cesal, Jaroslav"]
[Black "Vykouk, Jan"]
[Result "1/2-1/2"]
[WhiteElo "2260"]
[BlackElo "2238"]
[PlyCount "46"]
[EventDate "2014.10.19"]
[EventType "team-tourn"]
[EventRounds "11"]
[EventCountry "CZE"]
[SourceTitle "EXT 2015"]
[Source "ChessBase"]
[SourceDate "2014.11.20"]
[SourceVersion "1"]
[SourceVersionDate "2014.11.20"]
[SourceQuality "1"]
[WhiteTeam "Praha Bohemians"]
[BlackTeam "Karlovy Vary"]
[WhiteTeamCountry "CZE"]
[BlackTeamCountry "CZE"]

1. d4 Nf6 2. Nf3 b5 3. Bf4 Bb7 4. e3 a6 5. c4 b4 6. Bd3 e6 7. 0-0 c5 8. Nbd2 Be7 9. Qc2 d6 10. dxc5 dxc5 11. e4 Nh5 12. Be3 g5 13. Rfd1 Nd7 14. Nb3 g4 15. Ne1 Qc7 16. a3 bxa3 17. Rxa3 Rc8 18. Na5 Ba8 19. Be2 Nhf6 20. Bd3 Rg8 21. Nb3 Bb7 22. Na5 Ba8 23. Nb3 Bb7 1/2-1/2